| 000 | 00537nam a2200169 i 4500 | ||
|---|---|---|---|
| 001 | 36368 | ||
| 003 | ES-MaACL | ||
| 005 | 20230906155345.0 | ||
| 007 | t| | ||
| 008 | 030218s1933 fr ||||1| fre d | ||
| 100 | 1 |
_aBufnoir, Paul. _932438 |
|
| 245 | 1 | 4 |
_aLes arthrodeses dans la coxalgie _b: indications, techniques, resultats eloignes / _cPaul Bufnoir ; preface par Sorrel. |
| 260 |
_aParis : _b[s.n., _c1933] ( _fBarneoud Lazal) |
||
| 300 |
_aIX, 109 p. ; _c25 cm. |
||
| 700 | 1 |
_aSorrel, Etienne. _9107425 |
|
| 852 |
_aES-MaACL _jE-1677 |
||
| 999 |
_c36368 _d36368 |
||